Biblioteca y Centro de Documentación

La Organización Nacional de Ciegos Españoles (Registro nro. 1817)

Detalles MARC
000 -CABECERA
Longitud fija campo de control 01275nam a2200349 c 4500
001 - NÚMERO DE CONTROL
Número de control 1817
003 - IDENTIFICADOR DE NÚMERO DE CONTROL
Identificador del número de control ES-MaCES
005 - FECHA Y HORA DE LA ÚLTIMA TRANSACCIÓN
Fecha y hora de la última transacción 20141221121551.0
008 - CAMPO FIJO DE DESCRIPCIÓN FIJA--INFORMACIÓN GENERAL
Códigos de información de longitud fija   940630s1993 sp ||| | spa d
017 ## - NÚMERO DE REGISTRO DE DERECHOS DE AUTOR Y DEPÓSITO LEGAL
Número de copyright o de depósito legal M. 36.824-1993
Agencia que asigna el número DL
020 ## - ISBN (INTERNATIONAL STANDARD BOOK NUMBER)
Número Internacional Normalizado para Libros (ISBN) 8488856014
035 ## - NÚMERO DE CONTROL DEL SISTEMA
Número de control del sistema CES19980018267m
040 ## - FUENTE DE CATALOGACIÓN
Centro catalogador de origen ES-MaCES
Lengua de catalogación spa
Centro transcriptor ES-MaCES
100 1# - ENCABEZAMIENTO PRINCIPAL--NOMBRE PERSONAL
Nombre de persona Lorenzo García, Rafael de
9 (RLIN) 17042
245 13 - MENCIÓN DE TÍTULO
Título La Organización Nacional de Ciegos Españoles
Resto del título : breve estudio de una organización singular
Mención de responsabilidad, etc. Rafael de Lorenzo García
260 ## - PUBLICACIÓN, DISTRIBUCIÓN, ETC (PIE DE IMPRENTA)
Lugar de publicación, distribución, etc. Madrid
Nombre del editor, distribuidor, etc. Escuela Libre
Fecha de publicación, distribución, etc. 1993
300 ## - DESCRIPCIÓN FÍSICA
Extensión [36] h.
Dimensiones 30 cm
490 1# - MENCIÓN DE SERIE
Mención de serie Colección Solidaridad / Fundación ONCE
Designación de volumen o secuencia 5
500 ## - NOTA GENERAL
Nota general En: El sector no lucrativo en España / Miguel Rodríguez-Piñero ... [et al.] . - Cap. IX ; p. 243-274
500 ## - NOTA GENERAL
Nota general Ejemp. fotocopiado
541 ## - NOTA DE LA FUENTE INMEDIANTE DE ADQUISICIÓN
Forma de adquisición Gratuito
610 24 - ASIENTO SECUNDARIO DE MATERIA--NOMBRE CORPORATIVO
Nombre de entidad corporativa o nombre de jurisdicción como elemento inicial Organización Nacional de Ciegos Españoles
9 (RLIN) 4764
650 #4 - ASIENTO SECUNDARIO DE MATERIA--TÉRMINO DE MATERIA
Término de materia o nombre geográfico como elemento inicial organizaciones de personas con discapacidad
9 (RLIN) 29686
650 #4 - ASIENTO SECUNDARIO DE MATERIA--TÉRMINO DE MATERIA
Término de materia o nombre geográfico como elemento inicial organigrama
9 (RLIN) 29631
650 #4 - ASIENTO SECUNDARIO DE MATERIA--TÉRMINO DE MATERIA
Término de materia o nombre geográfico como elemento inicial régimen jurídico
9 (RLIN) 29894
653 10 - TÉRMINO DE INDEXACIÓN--NO CONTROLADO
Término no controlado Organizaciones
710 2# - ENCABEZAMIENTO SECUNDARIO--NOMBRE CORPORATIVO
Nombre de entidad o nombre de jurisdicción como elemento inicial Fundación ONCE
9 (RLIN) 3864
830 #0 - ENCABEZAMIENTO SECUNDARIO DE COLECCIÓN--TÍTULO UNIFORME
Título uniforme Colección Solidaridad / Fundación ONCE
Designación de volumen o secuencia 5
9 (RLIN) 32121
902 ## - CES. TIPO DE DOCUMENTO
Tipodoc (006$c Sirtex) DOC Literatura gris
942 ## - ELEMENTOS KOHA
Fuente de clasificaión o esquema Clasificación propia del CES
Koha [por defecto] tipo de item Monografías
Parte de clasificación 6.3.
Existencias
Número de registro Signatura completa Tipo de item de Koha
005315 DOC-6.3.-4 Monografías
© CES, Consejo Económico y Social de España 2021